[Event "Gibraltar Masters 2019"]
[Site "Caleta ENG"]
[Date "2019.01.22"]
[Round "1.92"]
[White "Spence,D"]
[Black "Bilguun,Sumiya"]
[Result "1/2-1/2"]
[WhiteElo "2143"]
[BlackElo "2471"]

1.e4 c5 2.c3 e5 3.Nf3 Nc6 4.Bc4 Qc7 5.O-O Be7 6.Qe2 d6 7.Rd1 a6 8.Bb3 Nf6
9.d3 h6 10.Nbd2 Be6 11.Bc2 O-O 12.Nf1 Rfe8 13.Ng3 Bf8 14.h3 g6 15.Nh2 Bg7
16.Ng4 h5 17.Nxf6+ Bxf6 18.Qf3 Bg7 19.Nf5 Bh8 20.g4 gxf5 21.gxf5 Kf8 22.Qxh5 Bf6
23.Bg5 Qd8 24.h4 Bxg5 25.hxg5 Ke7 26.fxe6 Rf8 27.exf7 Rxf7 28.g6 Rg7 29.Bb3 Kd7
30.Kf1 Qf6 31.Qf5+ Ke7 32.Qxf6+ Kxf6 33.Ke2 Ne7 34.Bf7 Nxg6 35.Bxg6 Rxg6
36.Rg1 Rxg1 37.Rxg1 Rh8 38.a4 Rb8 39.Rh1 Kg6 40.Rg1+ Kf6 41.Rh1 Kg6 42.f4 exf4
43.Kf3 b5 44.axb5 Rxb5 45.Rh2 a5 46.Kxf4 Kf6 47.Ke3 a4 48.d4 cxd4+ 49.Kxd4 Ra5
50.Rh1 Rb5 51.Rb1 Ke6 52.Ra1 Rxb2 53.Rxa4  1/2-1/2

[Event "Gibraltar Masters 2019"]
[Site "Caleta ENG"]
[Date "2019.01.22"]
[Round "1.91"]
[White "Harika,D"]
[Black "De Seroux,C"]
[Result "1-0"]
[WhiteElo "2471"]
[BlackElo "2145"]

1.e4 c5 2.Nf3 Nc6 3.Bb5 g6 4.Bxc6 bxc6 5.O-O Bg7 6.Re1 Nf6 7.e5 Nd5 8.c4 Nc7
9.d4 cxd4 10.Qxd4 O-O 11.Qh4 Ne6 12.Ng5 Nxg5 13.Bxg5 f6 14.Bh6 Qa5 15.Nc3 Bxh6
16.Qxh6 fxe5 17.Ne4 Rf7 18.c5 Rb8 19.b3 Rb5 20.h4 Qb4 21.h5 Rg7 22.hxg6 Rxg6
23.Qh4 Rg7 24.Qh5 Rg6 25.Ng5 Rxg5 26.Qxg5+ Kf7 27.Qh5+ Kf8 28.Rxe5 d6 29.Qh6+  1-0

[Event "Gibraltar Masters 2019"]
[Site "Caleta ENG"]
[Date "2019.01.22"]
[Round "1.90"]
[White "Baert,A"]
[Black "Lemos,D"]
[Result "1/2-1/2"]
[WhiteElo "2147"]
[BlackElo "2474"]

1.c4 c6 2.d4 d5 3.e3 Nf6 4.Nf3 g6 5.Nc3 Bg7 6.Be2 O-O 7.O-O b6 8.Ne5 Bb7
9.cxd5 Nxd5 10.Nxd5 cxd5 11.Qa4 f6 12.Nf3 Qd7 13.Qxd7 Nxd7 14.Bd2 Rfc8 15.Rfc1 Kf7
16.a4 Rxc1+ 17.Rxc1 Rc8 18.b3 e6 19.Rxc8 Bxc8 20.Bb4 Bf8 21.Bxf8 Kxf8 22.Kf1 Ke7
23.Ke1 Nb8 24.Kd2 Nc6 25.Kc3 Nd8 26.Nd2 e5 27.Nb1 Ne6 28.Bg4 f5 29.Bf3 exd4+
30.exd4 Kd6 31.h4 Nf4 32.Na3 Ba6 33.Nc2 Bb7 34.Kd2 Ne6 35.Ke3 a5 36.g3 Ba6
37.Na3 h6 38.Bd1 g5 39.f4 gxh4 40.gxh4 Ng7 41.Nc2  1/2-1/2

[Event "Gibraltar Masters 2019"]
[Site "Caleta ENG"]
[Date "2019.01.22"]
[Round "1.89"]
[White "Gavrilescu,David"]
[Black "Hosek,Ma"]
[Result "1-0"]
[WhiteElo "2479"]
[BlackElo "2153"]

1.d4 Nf6 2.Nf3 g6 3.Nbd2 d5 4.e3 Bg7 5.b4 b6 6.Bb2 c5 7.bxc5 bxc5 8.dxc5 Qa5
9.c4 Qxc5 10.cxd5 Qxd5 11.Bc4 Qa5 12.O-O O-O 13.Nb3 Qb4 14.Rc1 Bb7 15.Ne5 e6
16.Bd4 Rd8 17.Nc5 Bd5 18.Bxd5 Rxd5 19.Nxe6 fxe6 20.Rc8+ Bf8 21.Qf3 Qe7 22.Rb1 Ne8
23.Rcxb8 Rxb8 24.Rxb8 Qc7 25.g3 Qe7 26.Ng4 Rd8 27.Rb7 Rd7 28.Bc5 Qf7 29.Qxf7+ Rxf7
30.Rxf7 Kxf7 31.Ne5+ Kg8 32.Bxa7 Nc7 33.a4 Bb4 34.Kf1 Kf8 35.Ke2 Bc3 36.Nc4 Ke7
37.Kd3 Be1 38.e4 Kd7 39.Nd2 Kc6 40.Ke2 Bxd2 41.Kxd2 Kb7 42.Bd4 Kc6 43.Ke3  1-0

[Event "Gibraltar Masters 2019"]
[Site "Caleta ENG"]
[Date "2019.01.22"]
[Round "1.88"]
[White "Burrows,M"]
[Black "Harsha,B"]
[Result "0-1"]
[WhiteElo "2156"]
[BlackElo "2481"]

1.e4 d6 2.d4 Nf6 3.Nc3 g6 4.Be3 c6 5.Qd2 Nbd7 6.f3 Bg7 7.g4 b5 8.h4 h5 9.g5 Nh7
10.Nge2 Nb6 11.Ng3 a5 12.f4 b4 13.Nd1 d5 14.e5 Nc4 15.Qf2 Nxe3 16.Nxe3 e6
17.Be2 Qb6 18.Rd1 c5 19.dxc5 Qxc5 20.O-O O-O 21.Bf3 Ba6 22.Rfe1 Rac8 23.Ne2 Rfd8
24.Nd4 a4 25.Kh1 Nf8 26.Nf1 a3 27.b3 Qc3 28.Ng3 Nd7 29.Nge2 Qc7 30.Qe3 Qb6
31.Qd2 Bf8 32.Rg1 Nc5 33.Ng3 Ne4 34.Qg2 Bc5 35.Bxe4 dxe4 36.Nxh5 Bxd4 37.Nf6+ Kg7
38.Rge1 Bf2  0-1

[Event "Gibraltar Masters 2019"]
[Site "Caleta ENG"]
[Date "2019.01.22"]
[Round "1.87"]
[White "Libiszewski,F"]
[Black "Byron,A"]
[Result "1-0"]
[WhiteElo "2481"]
[BlackElo "2157"]

1.e4 e5 2.Nf3 Nc6 3.Bc4 Nf6 4.d3 Be7 5.O-O O-O 6.Re1 d6 7.a4 Na5 8.Ba2 c5
9.c3 Be6 10.Bxe6 fxe6 11.b4 cxb4 12.cxb4 Nc6 13.b5 Nd4 14.Nxd4 exd4 15.Qb3 d5
16.Nd2 Kh8 17.Bb2 Bc5 18.Rac1 Bb6 19.exd5 Nxd5 20.Ne4 Qd7 21.Rc4 e5 22.Ba3 Rfe8
23.Rec1 Nf4 24.Qd1 a6 25.bxa6 Rxa6 26.g3 Ng6 27.Nd6 Rg8 28.Qg4 Qe7 29.Qf3 Rf8
30.Rc8 Bd8 31.Nf7+  1-0

[Event "Gibraltar Masters 2019"]
[Site "Caleta ENG"]
[Date "2019.01.22"]
[Round "1.86"]
[White "Gonzalez Gonzalez,A"]
[Black "Stefanova,A"]
[Result "0-1"]
[WhiteElo "2160"]
[BlackElo "2486"]

1.d4 d5 2.c4 c6 3.e3 e6 4.Nc3 f5 5.Bd2 Nf6 6.c5 e5 7.g3 Qe7 8.Be2 g6 9.b4 Bg7
10.f4 exd4 11.exd4 h5 12.Nf3 h4 13.Rg1 hxg3 14.hxg3 Ne4 15.Qc2 Nd7 16.Nxe4 fxe4
17.Ne5 Nxe5 18.fxe5 Rh2 19.Qc1 Bh3 20.b5 Qf7 21.Be3 Bh6 22.Qd2 Bg4 23.Rf1 Qh7
24.Bxg4 Rxd2 25.Rh1 Rd3 26.Bxh6 Rxg3 27.Be6 Rg1+ 28.Rxg1 Qxh6 29.Ke2 Qh2+
30.Ke3 Qh6+ 31.Ke2 Qh5+ 32.Bg4 Qh2+ 33.Ke3 Ke7 34.bxc6 Rf8 35.Raf1 bxc6 36.Be2 Qh6+  0-1

[Event "Gibraltar Masters 2019"]
[Site "Caleta ENG"]
[Date "2019.01.22"]
[Round "1.85"]
[White "Henderson de La Fuente,Lance"]
[Black "Giulian,P"]
[Result "1-0"]
[WhiteElo "2489"]
[BlackElo "2165"]

1.e4 e6 2.d4 d5 3.Nd2 c5 4.exd5 exd5 5.Ngf3 Nc6 6.Bb5 Qe7+ 7.Be2 Qc7 8.O-O Nf6
9.Re1 cxd4 10.Nb3 Bb4 11.Bd2 Bxd2 12.Qxd2 O-O 13.Bd3 Bd7 14.Nbxd4 Rae8 15.c3 h6
16.Rxe8 Rxe8 17.Re1 Rxe1+ 18.Qxe1 Nxd4 19.Nxd4 Qd6 20.f3 Kf8 21.Qd2 Ne8 22.Bc2 Nc7
23.Bb3 Kg8 24.Kh1 a5 25.a3 a4 26.Ba2 Qe5 27.Nc2 Be6 28.Nb4 Qg5 29.f4 Qf5
30.c4 Qe4 31.f5 Qxf5 32.h3 Qe4 33.cxd5 Bxh3 34.d6 Bxg2+ 35.Kg1 Qf3 36.Bc4 Bh3
37.dxc7 Qg3+ 38.Kh1 Qxc7 39.Qe2 Bf5 40.Qe8+ Kh7 41.Qxf7 Be4+ 42.Kg1 Qg3+
43.Kf1 Qg2+ 44.Ke1 Qxb2 45.Qg8+ Kg6 46.Qe6+  1-0

[Event "Gibraltar Masters 2019"]
[Site "Caleta ENG"]
[Date "2019.01.22"]
[Round "1.84"]
[White "Pakosta,M"]
[Black "Repka,C"]
[Result "0-1"]
[WhiteElo "2166"]
[BlackElo "2491"]

1.e4 e5 2.Nf3 Nc6 3.d4 exd4 4.Bc4 Nf6 5.O-O Nxe4 6.Re1 d5 7.Nc3 dxc3 8.Bxd5 Be7
9.Bxe4 Qxd1 10.Rxd1 cxb2 11.Bxb2 O-O 12.Bxc6 bxc6 13.Nd4 Bf6 14.Ba3 Re8 15.Rab1 Bd7
16.Bc5 Re5 17.Nb3 Bf5 18.Bd4 Bxc2 19.Bxe5 Bxe5 20.Na5 Bxd1 21.Nxc6 Bc2 22.Rc1 Bxh2+
23.Kxh2 Be4 24.Ne5 f6 25.Nd7 c6 26.Rc3 Bd5 27.Ra3 Re8 28.Rxa7 Re2 29.Kg3 Rxa2
30.Rc7 Rb2 31.f3 h5 32.Rc8+ Kf7 33.Rh8 Rb5 34.Nb8 c5 35.Rc8 Kg6 36.Rd8 c4
37.Na6 c3 38.Nc7 c2 39.Nxd5 c1=Q  0-1

[Event "Gibraltar Masters 2019"]
[Site "Caleta ENG"]
[Date "2019.01.22"]
[Round "1.83"]
[White "Chandra,Akshat"]
[Black "Vila Dupla,A"]
[Result "1-0"]
[WhiteElo "2492"]
[BlackElo "2166"]

1.e4 c5 2.Nf3 d6 3.d4 cxd4 4.Nxd4 Nf6 5.Nc3 g6 6.Be3 Bg7 7.f3 O-O 8.Qd2 Nc6
9.O-O-O d5 10.Qe1 e5 11.Nxc6 bxc6 12.exd5 Nxd5 13.Bc4 Be6 14.Ne4 Qc7 15.Bc5 Rfd8
16.h4 h6 17.g4 Nf4 18.Bd6 Qb6 19.Bxe6 Nxe6 20.g5 Nd4 21.c3 Nf5 22.h5 hxg5
23.hxg6 fxg6 24.Bc5 Qa6 25.Kb1 Rd5 26.Qf2 Rad8 27.Rdg1 Qd3+ 28.Kc1 Qc4 29.b3 Qd3
30.Kb2 Nh4 31.Rh3 Nf5 32.Rxg5 Qd1 33.Rg2 Bh6 34.Rxg6+ Kh7 35.Rhxh6+ Nxh6
36.Rg2 Rxc5 37.Qxc5 Nf5 38.Qxa7+  1-0

[Event "Gibraltar Masters 2019"]
[Site "Caleta ENG"]
[Date "2019.01.22"]
[Round "1.82"]
[White "Smith,An"]
[Black "Weisbuch,U"]
[Result "1/2-1/2"]
[WhiteElo "2167"]
[BlackElo "2172"]

1.e4 e6 2.d4 d5 3.Nc3 Nf6 4.e5 Nfd7 5.Qh5 c5 6.Nf3 cxd4 7.Nxd4 g6 8.Qg4 Nc6
9.Nxc6 bxc6 10.f4 Qb6 11.Qf3 Be7 12.b3 Bb7 13.Na4 Qc7 14.Bb2 c5 15.Be2 Bh4+
16.Kf1 Be7 17.Kf2 O-O-O 18.Rhe1 g5 19.Qh5 gxf4 20.Bf3 Rdg8 21.Kg1 d4 22.Re2 Rg5
23.Bxb7+ Qxb7 24.Qxf7 Rhg8 25.g3 Qf3 26.Rf2 Rxg3+ 27.hxg3 Rxg3+ 28.Kf1 Qh1+
29.Ke2 Qe4+ 30.Kf1 Qh1+ 31.Ke2 Qe4+ 32.Kf1 Qh1+  1/2-1/2

[Event "Gibraltar Masters 2019"]
[Site "Caleta ENG"]
[Date "2019.01.22"]
[Round "1.81"]
[White "Ubilava,E"]
[Black "Nikolaidis,K"]
[Result "1-0"]
[WhiteElo "2495"]
[BlackElo "2167"]

1.d4 Nf6 2.c4 e6 3.Nc3 Bb4 4.e3 O-O 5.Ne2 Re8 6.a3 Bf8 7.Ng3 d5 8.cxd5 exd5
9.b4 c6 10.Bd3 b5 11.O-O a5 12.bxa5 Rxa5 13.Bb2 Bd6 14.Qc2 Ra7 15.e4 dxe4
16.Ncxe4 Nxe4 17.Bxe4 g6 18.Bxc6 Nxc6 19.Qxc6 Rc7 20.Qf3 Bb7 21.d5 Be5 22.Bxe5 Rxe5
23.Rad1 Rc4 24.Qb3 Rxd5 25.Qxb5 Rxd1 26.Qxc4 Rd4 27.Qb5 Qa8 28.Re1 Bc6 29.Qg5 Rd5
30.Qf6 Ra5 31.Re7 Bd5 32.Rd7  1-0

[Event "Gibraltar Masters 2019"]
[Site "Caleta ENG"]
[Date "2019.01.22"]
[Round "1.80"]
[White "Crespo,E"]
[Black "Gukesh,D"]
[Result "0-1"]
[WhiteElo "2169"]
[BlackElo "2497"]

1.e4 c5 2.Nf3 d6 3.d4 cxd4 4.Nxd4 Nf6 5.Nc3 a6 6.Be2 Nbd7 7.O-O b5 8.a4 b4
9.Nd5 Bb7 10.Nxb4 e6 11.c4 Qb6 12.Nbc2 Nxe4 13.a5 Qc7 14.b4 Nc3 15.Qe1 Nxe2+
16.Qxe2 Ne5 17.Ne3 Rc8 18.Ra3 Nxc4 19.Rc3 d5 20.Nxc4 dxc4 21.Nxe6 fxe6 22.Qxe6+ Qe7
23.Qf5 Qf7 24.Re1+ Be7 25.Qe5 O-O  0-1

[Event "Gibraltar Masters 2019"]
[Site "Caleta ENG"]
[Date "2019.01.22"]
[Round "1.79"]
[White "Sprenger,J"]
[Black "Whatley,Stephen A J"]
[Result "1-0"]
[WhiteElo "2498"]
[BlackElo "2171"]

1.e4 c5 2.Nf3 Nc6 3.d4 cxd4 4.Nxd4 Qc7 5.Nc3 e6 6.g3 a6 7.Bg2 Nf6 8.O-O Nxd4
9.Qxd4 Bc5 10.Bf4 d6 11.Qd2 h6 12.Rad1 e5 13.Be3 Bg4 14.Bxc5 dxc5 15.f3 Be6
16.Nd5 Bxd5 17.exd5 Qd6 18.f4 O-O 19.fxe5 Qxe5 20.c4 Rfe8 21.b4 cxb4 22.c5 a5
23.Qf2 Qc7 24.d6 Qd7 25.Rfe1 Qb5 26.Bf1 Qc6 27.Bg2 Qb5 28.Re7 Rxe7 29.dxe7 Re8
30.Rd8 Kh7 31.Be4+ Kh8 32.c6 bxc6 33.Rxe8+ Nxe8 34.Qxf7  1-0

[Event "Gibraltar Masters 2019"]
[Site "Caleta ENG"]
[Date "2019.01.22"]
[Round "1.78"]
[White "Bopp,T"]
[Black "Sosa,T ARG"]
[Result "0-1"]
[WhiteElo "2171"]
[BlackElo "2499"]

1.d4 Nf6 2.g3 c5 3.d5 e6 4.c4 exd5 5.cxd5 b5 6.Bg2 d6 7.a4 b4 8.Nd2 Nbd7
9.a5 Ba6 10.Ngf3 Qe7 11.Nf1 g6 12.Ne3 Bg7 13.O-O O-O 14.Ra2 Rae8 15.Re1 Ne4
16.Qb3 c4 17.Qxb4 Rb8 18.Qa4 Rb3 19.Ra1 Rfb8 20.Nd1 Ndc5 21.Qa2 Qc7 22.Be3 Bxb2
23.Nd4 Ra3 24.Qxa3 Bxa3 25.Rxa3 Rb1  0-1

[Event "Gibraltar Masters 2019"]
[Site "Caleta ENG"]
[Date "2019.01.22"]
[Round "1.76"]
[White "Movileanu,Daniela"]
[Black "Krysa,L"]
[Result "0-1"]
[WhiteElo "2174"]
[BlackElo "2499"]

1.e4 e5 2.Nf3 Nc6 3.Bb5 a6 4.Ba4 Nf6 5.O-O Be7 6.Re1 d6 7.c3 Bg4 8.d3 Nd7
9.h3 Bh5 10.Nbd2 Nc5 11.Bxc6+ bxc6 12.Nf1 Ne6 13.Ng3 Bxf3 14.Qxf3 O-O 15.Nf5 Bf6
16.Qg4 Kh8 17.Be3 c5 18.Rad1 Rb8 19.Re2 g6 20.Nh6 Qe7 21.Rc2 Rb7 22.Qe2 Bg5
23.Ng4 f5 24.Bxg5 Qxg5 25.exf5 gxf5 26.Ne3 c6 27.Kh1 f4 28.Qg4 Qf6 29.Nf1 Rg7
30.Qf3 Rfg8 31.Nh2 Rxg2 32.Ng4 R2xg4 33.hxg4 Qh4+ 34.Kg1 Ng5 35.Qg2 Nh3+
36.Kf1 Rxg4  0-1

[Event "Gibraltar Masters 2019"]
[Site "Caleta ENG"]
[Date "2019.01.22"]
[Round "1.75"]
[White "Gunina,V"]
[Black "Carreto Nieto,G"]
[Result "1-0"]
[WhiteElo "2501"]
[BlackElo "2174"]

1.d4 Nf6 2.Nf3 e6 3.c4 Bb4+ 4.Bd2 Qe7 5.g3 Nc6 6.Bg2 Bxd2+ 7.Nbxd2 O-O 8.a3 a5
9.Nf1 a4 10.Ne3 d6 11.O-O Bd7 12.Rc1 Na5 13.Nd2 Rfd8 14.Qc2 Ra7 15.Rfd1 b6
16.Nef1 c5 17.e3 cxd4 18.exd4 Rc8 19.Qd3 Rac7 20.Rc3 d5 21.Rdc1 dxc4 22.Nxc4 Nb3
23.Rd1 Bb5 24.Nfe3 Rd8 25.d5 Rcd7 26.d6 Qe8 27.Qc2 Bxc4 28.Nxc4 b5 29.Bc6 bxc4
30.Rxc4 Na5 31.Bxd7 Qxd7 32.Rc7 Qb5 33.Rc8 Nb7 34.Qc7 Qe8 35.d7  1-0

[Event "Gibraltar Masters 2019"]
[Site "Caleta ENG"]
[Date "2019.01.22"]
[Round "1.74"]
[White "Lim,Z"]
[Black "Tan Zhongyi"]
[Result "1/2-1/2"]
[WhiteElo "2178"]
[BlackElo "2502"]

1.Nf3 c5 2.c4 Nf6 3.g3 Nc6 4.Bg2 d5 5.cxd5 Nxd5 6.Nc3 Nc7 7.O-O e5 8.d3 Be7
9.Nd2 Bd7 10.Nc4 f6 11.a4 O-O 12.f4 exf4 13.gxf4 Qc8 14.Qe1 Bh3 15.Bxh3 Qxh3
16.f5 Rad8 17.Qg3 Qxg3+ 18.hxg3 Nd4 19.Be3 Nd5 20.Bxd4 cxd4 21.Ne4 b6 22.Rfc1 Rd7
23.Kf2 Bb4 24.g4 Rc8 25.Kf3 Rdc7 26.Rg1 h6 27.Ncd6 Ra8 28.Nb5 Rc2 29.Rab1 Bc5
30.Nxc5 bxc5 31.Na3 Rd2 32.Nc4 Rc2 33.Na3 Rd2 34.Nc4  1/2-1/2

[Event "Gibraltar Masters 2019"]
[Site "Caleta ENG"]
[Date "2019.01.22"]
[Round "1.73"]
[White "Gallego Alcaraz,A"]
[Black "Sanchez Jerez,E"]
[Result "1-0"]
[WhiteElo "2502"]
[BlackElo "2183"]

1.Nf3 e6 2.c4 d5 3.g3 Nf6 4.Bg2 Be7 5.O-O O-O 6.d4 Nc6 7.Nbd2 b6 8.b3 Bb7
9.Bb2 a5 10.a3 Ne4 11.cxd5 exd5 12.Ne1 Nxd2 13.Qxd2 a4 14.b4 Bf6 15.e3 Ne7
16.Nd3 Nf5 17.Ne5 Nd6 18.Rac1 Rc8 19.Rc2 c6 20.Rfc1 Bxe5 21.dxe5 Nc4 22.Qd4 c5
23.Qc3 Qe7 24.bxc5 Rxc5 25.Qb4 Nxb2 26.Qxb2 Rfc8 27.Rxc5 Rxc5 28.Rb1 Qc7
29.Qxb6 Rc1+ 30.Bf1 Qxb6 31.Rxb6 Bc8 32.Kg2 g5 33.Bb5 Bf5 34.Rf6 Bc2 35.Rc6 Be4+
36.f3 Rb1 37.Be2 Bg6 38.Rc5 Rb2 39.Kf1 Rb3 40.Kf2 Rxa3 41.Rxd5 Bf5 42.Bc4 Kg7
43.Ra5 Be6 44.Bxe6 fxe6 45.Ra7+ Kg6 46.g4 Ra2+ 47.Kg3 h5 48.gxh5+ Kxh5 49.Ra6 Ra3
50.Rxe6 Rxe3 51.Kf2 Rb3 52.Ra6 Rb5 53.e6 Re5 54.Kg3 a3 55.Rxa3 Rxe6 56.Ra5 Kh6
57.Kg4 Rf6 58.Rf5 Rg6 59.h3 Rg7 60.Rf6+ Kh7 61.Kh5 Kh8 62.Rh6+  1-0

[Event "Gibraltar Masters 2019"]
[Site "Caleta ENG"]
[Date "2019.01.22"]
[Round "1.72"]
[White "Koehler,G2"]
[Black "Arizmendi Martinez,J"]
[Result "1/2-1/2"]
[WhiteElo "2184"]
[BlackElo "2506"]

1.c4 e5 2.g3 Nf6 3.Bg2 d6 4.Nc3 g6 5.Nf3 Bg7 6.d4 Nbd7 7.O-O O-O 8.e4 a6
9.Re1 Rb8 10.Bf1 exd4 11.Nxd4 Ne5 12.f3 c5 13.Nc2 Be6 14.Ne3 Nc6 15.Nc2 Nd7
16.f4 Nd4 17.Nxd4 cxd4 18.Nd5 b5 19.cxb5 Bxd5 20.exd5 axb5 21.Bd2 Nc5 22.Bb4 Qd7
23.Rc1 Qa7 24.a3 d3 25.Kh1 Bxb2 26.Rb1 Bf6 27.Bxd3 Rfd8 28.Bf1 Bg7 29.Rc1 f5
30.Qc2 Rdc8 31.Qf2 Rc7 32.Qe3 Ne4 33.Qxa7 Rxa7 34.Rc6 Bb2 35.Re3 Bd4 36.Rb3 Bc5
37.Rb2 Bxb4 38.Rxb4 Rxa3 39.Rxb5 Rxb5 40.Bxb5 Ra1+ 41.Kg2 Ra2+ 42.Kg1 Rd2
43.Rc7 Kf8 44.Rxh7 Rd1+ 45.Kg2 Rxd5 46.Be2 Rd2 47.Kf1 d5 48.Ra7 d4 49.Ra3 Nc3
50.Bf3 Rxh2 51.Ra6 Kg7 52.Rd6 Rd2 53.Ke1 Rd3 54.Rd7+ Kf6 55.Kf2 Ke6 56.Rg7 Kf6
57.Rd7 g5 58.fxg5+ Kxg5 59.Re7 Kf6 60.Re8 Rd2+ 61.Ke1 Rd3 62.Kf2 Rd2+ 63.Ke1 Rb2
64.Rf8+ Ke5 65.Re8+ Kf6 66.Rf8+ Ke6 67.g4 Ke7 68.Rxf5 d3 69.Rc5 d2+ 70.Kf1 d1=Q+
71.Bxd1 Nxd1 72.Re5+ Kf6 73.Re2 Rb3 74.Ke1 Ne3 75.Kd2 Nxg4 76.Kc2 Rg3 77.Kb2 Ne5
78.Kc2 Ke6 79.Rh2 Kd5 80.Rh5 Kd4 81.Rh8 Nc6 82.Rh4+ Kd5 83.Rh5+ Kc4 84.Kd2 Nd4
85.Rh8 Rd3+ 86.Ke1 Rf3 87.Kd2 Ne6 88.Ke2 Ra3 89.Rh4+ Kd5 90.Kf2 Ke5 91.Ke2 Nf4+
92.Kd2 Ke4 93.Rg4 Rd3+ 94.Kc2 Rf3 95.Rh4 Rg3 96.Kd2 Ke5 97.Rh8 Kd4 98.Rd8+ Nd5
99.Ke2 Ra3 100.Kf2 Rb3 101.Ke2 Rb7 102.Kf2 Rf7+ 103.Ke2 Re7+ 104.Kf2 Ke4
105.Rf8 Nf4 106.Ra8 Nd3+ 107.Ke2 Nc5 108.Rd8 Ne6 109.Ra8 Rh7 110.Kd2 Rd7+
111.Kc3 Nc7 112.Rh8 Nd5+ 113.Kd2 Nf4+ 114.Kc3 Rc7+ 115.Kd2 Rb7 116.Re8+ Kd4
117.Rd8+ Nd5 118.Ke2  1/2-1/2

[Event "Gibraltar Masters 2019"]
[Site "Caleta ENG"]
[Date "2019.01.22"]
[Round "1.71"]
[White "Dragnev,Valentin"]
[Black "Onabogun,K"]
[Result "0-1"]
[WhiteElo "2511"]
[BlackElo "2189"]

1.Nf3 d5 2.d4 c6 3.c4 e6 4.e3 f5 5.Bd3 Nf6 6.b3 Bd6 7.O-O Qe7 8.a4 O-O 9.Ba3 Bxa3
10.Nxa3 Ne4 11.Nb1 Nd7 12.Nbd2 Kh8 13.Rc1 Nxd2 14.Nxd2 dxc4 15.Nxc4 e5 16.Be2 exd4
17.Qxd4 Nc5 18.Na5 Ne4 19.Rfd1 Be6 20.f3 Nf6 21.Qd6 Rae8 22.Qxe7 Rxe7 23.Rd6 Rfe8
24.Bd3 Nd5 25.Nc4 Nb6 26.Nxb6 axb6 27.Rc3 g6 28.Kf2 Kg7 29.Rd4 Bd5 30.Bf1 Re6
31.Rcd3 Rd8 32.Kg3 Rde8 33.Kf2 Rd8 34.Be2 g5 35.Bd1 Ra8 36.Rb4 Ra6 37.Be2 Kf6
38.Rbd4 Ra5 39.Rc3 Rc5 40.Rdd3 Be4 41.fxe4 fxe4 42.Rxc5 exd3 43.Rc1 dxe2
44.Kxe2 Re5 45.Rd1 Ke7 46.Rd4 b5 47.Rb4 Kd6 48.axb5 Kc5 49.Rd4 Kxb5 50.Rd7 b6
51.Rxh7 Kb4 52.Rh5 Ra5 53.h4 gxh4 54.Rxh4+ Kxb3 55.Rh6 Rc5 56.g4 b5 57.Rh5 Rc1
58.g5 b4 59.e4 Kc4 60.Kf2 Ra1 61.g6 Ra8 62.Ke3 b3 63.Kd2 Ra2+ 64.Kc1 Rg2
65.e5 Rxg6 66.Rh4+ Kc3 67.Rh3+ Kb4 68.Re3 Rg1+ 69.Kb2 Rg2+ 70.Kb1 Ka3 71.Re1 c5
72.e6 c4 73.Rc1 Kb4 74.Re1 c3 75.e7 Ka3  0-1

[Event "Gibraltar Masters 2019"]
[Site "Caleta ENG"]
[Date "2019.01.22"]
[Round "1.69"]
[White "Reuben,S"]
[Black "Szczepkowska Horowska,K"]
[Result "0-1"]
[WhiteElo "1989"]
[BlackElo "2426"]

1.c4 e6 2.d4 Nf6 3.Nc3 Bb4 4.Bg5 h6 5.Bh4 c5 6.e3 Qa5 7.Qc2 cxd4 8.exd4 Ne4
9.Ne2 d5 10.f3 Nxc3 11.bxc3 Bd6 12.Bg3 Bxg3+ 13.Nxg3 Nc6 14.Kf2 O-O 15.Rb1 Qd8
16.Bd3 b6 17.cxd5 exd5 18.Rhe1 Be6 19.Bh7+ Kh8 20.Bf5 Rc8 21.Qd3 Bxf5 22.Nxf5 Na5
23.Ne3 Nc4 24.Qf5 Nxe3 25.Rxe3 Qh4+ 26.Kg1 Rxc3 27.Rd3 Rc2 28.Rf1 Re8 29.f4 Ree2
30.Rg3 Qxg3  0-1

[Event "Gibraltar Masters 2019"]
[Site "Caleta ENG"]
[Date "2019.01.22"]
[Round "1.68"]
[White "Demuth,A"]
[Black "Phadke,So1"]
[Result "1-0"]
[WhiteElo "2517"]
[BlackElo "2191"]

1.d4 f5 2.e4 fxe4 3.Nc3 Nf6 4.Bg5 c6 5.f3 d5 6.fxe4 dxe4 7.Bc4 Bf5 8.Nge2 Nbd7
9.O-O Nb6 10.Bf7+ Kxf7 11.Rxf5 Qd7 12.Qf1 Kg8 13.Qf2 e6 14.Rxf6 gxf6 15.Nxe4 Nd5
16.N2c3 fxg5 17.Nxd5 Qf7 18.Qxf7+ Kxf7 19.Rf1+ Kg6 20.Rf6+ Kg7 21.Nc7 Be7
22.Nxe6+ Kg8 23.Rf5 h6 24.c4 Rh7 25.d5 cxd5 26.cxd5 Rc8 27.d6 Rf7 28.g4 Rxf5
29.gxf5 Kf7 30.dxe7 Kxe7 31.Nd4 Rd8 32.f6+ Kf7 33.Nf5 Ke6 34.Nxh6 Rh8 35.Ng4 Kf5
36.Ngf2 Rf8 37.Kg2 Kf4 38.Nc3 b5 39.b4 a6 40.h3 Ke5 41.Nce4 Kf4 42.a3 Rf7
43.Ng3 Ke5 44.Nfe4 Kf4 45.Nc5 Ke5 46.Nge4 Kd4 47.Kf3  1-0

[Event "Gibraltar Masters 2019"]
[Site "Caleta ENG"]
[Date "2019.01.22"]
[Round "1.67"]
[White "Priyanka,Nutakki"]
[Black "Goryachkina,A"]
[Result "0-1"]
[WhiteElo "2195"]
[BlackElo "2518"]

1.c4 e6 2.Nf3 d5 3.e3 Nf6 4.Nc3 Bd6 5.b3 O-O 6.Bb2 c6 7.Be2 e5 8.cxd5 cxd5
9.Nb5 e4 10.Nfd4 Be7 11.Rc1 a6 12.Na3 Nc6 13.Nxc6 bxc6 14.Rxc6 d4 15.exd4 Bb7
16.Rc4 e3 17.dxe3 Bxg2 18.Rg1 Bd5 19.Kf1 Ne4 20.f3 Bxc4 21.Nxc4 Nd6 22.Ne5 Qc8
23.Bd3 Qh3+ 24.Rg2 Nf5 25.Bxf5 Qxf5 26.e4 Qh5 27.Qe2 f6 28.Nc6 Bd6 29.d5 Rf7
30.b4 Re8 31.a3 Be5 32.Bxe5 fxe5 33.Rg3 Qh6 34.Kg2 Qc1 35.a4 h5 36.a5 Rf4
37.Qf1 Qc3 38.Qe2 Kh7 39.Rg5 g6 40.Qd1 Kh6 41.Rg3 h4 42.Rh3 Kg7 43.Qe2 g5
44.Qf2 g4 45.Rxh4 Qxf3+  0-1

[Event "Gibraltar Masters 2019"]
[Site "Caleta ENG"]
[Date "2019.01.22"]
[Round "1.66"]
[White "Zanan,E"]
[Black "Torres,Federico"]
[Result "1-0"]
[WhiteElo "2528"]
[BlackElo "2196"]

1.d4 Nf6 2.c4 e6 3.Nf3 d5 4.g3 Bb4+ 5.Bd2 Be7 6.Bg2 O-O 7.O-O b6 8.cxd5 exd5
9.Nc3 Bb7 10.Ne5 Nbd7 11.Bf4 c5 12.Rc1 Nxe5 13.Bxe5 Rc8 14.dxc5 bxc5 15.Qb3 Ba8
16.Rfd1 Ng4 17.Bxd5 Nxe5 18.Bxa8 Qa5 19.Be4 Rfd8 20.Qc2 g6 21.Bd5 c4 22.Qe4 Bf6
23.Qf4 Bg7 24.Rd2 h5 25.Rcd1 Qb6 26.Ne4 Ng4 27.Bxf7+ Kh8 28.Rxd8+ Rxd8 29.Rxd8+ Qxd8
30.Bxg6 Ne5 31.Qf5  1-0

[Event "Gibraltar Masters 2019"]
[Site "Caleta ENG"]
[Date "2019.01.22"]
[Round "1.65"]
[White "Pinho,P"]
[Black "Hjartarson,J"]
[Result "0-1"]
[WhiteElo "2205"]
[BlackElo "2530"]

1.d4 Nf6 2.c4 e6 3.Nf3 b6 4.Nc3 Bb4 5.Bg5 Bb7 6.e3 h6 7.Bh4 g5 8.Bg3 Ne4
9.Qc2 Bxc3+ 10.bxc3 d6 11.Bd3 f5 12.d5 Na6 13.Nd4 Nac5 14.O-O Qe7 15.f3 Nxd3
16.fxe4 Nc5 17.e5 O-O 18.Rad1 dxe5 19.Bxe5 exd5 20.Rxf5 Bc8 21.Nc6 Qe8 22.Rff1 Qxc6
23.Rf6 Qe8  0-1

[Event "Gibraltar Masters 2019"]
[Site "Caleta ENG"]
[Date "2019.01.22"]
[Round "1.64"]
[White "Sadzikowski,D"]
[Black "Warakomska,A"]
[Result "1-0"]
[WhiteElo "2534"]
[BlackElo "2209"]

1.d4 d5 2.c4 c6 3.Nf3 Nf6 4.g3 dxc4 5.Bg2 g6 6.O-O Bg7 7.a4 O-O 8.Na3 c5
9.Nxc4 Nc6 10.dxc5 Be6 11.Nfe5 Nxe5 12.Nxe5 Bd5 13.Bxd5 Nxd5 14.Nd3 Qc8 15.Qb3 Qe6
16.Re1 Rfd8 17.Ra3 Qc6 18.Qc4 a5 19.Rb3 Nb4 20.Be3 b6 21.Nxb4 axb4 22.Rxb4 Rxa4
23.Rxa4 b5 24.Qe4  1-0

[Event "Gibraltar Masters 2019"]
[Site "Caleta ENG"]
[Date "2019.01.22"]
[Round "1.63"]
[White "Srija,S"]
[Black "Nguyen,Thai Dai Van"]
[Result "0-1"]
[WhiteElo "2210"]
[BlackElo "2535"]

1.e4 e6 2.d4 d5 3.Nd2 c5 4.exd5 Qxd5 5.Ngf3 cxd4 6.Bc4 Qd7 7.O-O Nc6 8.Nb3 a6
9.Nbxd4 Nxd4 10.Nxd4 Qc7 11.Qe2 Bd6 12.Re1 Ne7 13.h4 O-O 14.Bb3 e5 15.Nf3 Bg4
16.Qe4 Bf5 17.Qe2 Nc6 18.c3 Kh8 19.Ng5 f6 20.Ne4 Bxe4 21.Qxe4 f5 22.Qe2 e4
23.Be3 Ne5 24.Rad1 Ng4 25.Qc4 Qe7 26.Bg5 Qe5 27.Qd5 Qh2+ 28.Kf1 Qh1+ 29.Ke2 Qxg2
30.Rf1 Bg3 31.Qd4 f4 32.Be7 f3+ 33.Kd2 Bxf2 34.Rxf2 Nxf2 35.Bxf8 Nd3+ 36.Ke3 Qe2+  0-1

[Event "Gibraltar Masters 2019"]
[Site "Caleta ENG"]
[Date "2019.01.22"]
[Round "1.124"]
[White "Merario Alarcon,Andres"]
[Black "Christophe Hayot,R"]
[Result "1-0"]
[WhiteElo "2405"]
[BlackElo "1729"]

1.d4 d5 2.c4 c6 3.Nf3 Nf6 4.Nc3 e6 5.Bg5 Be7 6.e3 Nbd7 7.Qc2 Qa5 8.Bd3 dxc4
9.Bxc4 b5 10.Bd3 Bb7 11.O-O Rc8 12.Ne5 h6 13.Bh4 g5 14.Bg3 a6 15.a4 b4 16.Nc4 Qd8
17.Ne4 Nxe4 18.Bxe4 Nf6 19.Bf3 h5 20.Rad1 g4 21.Be2 Nd5 22.e4 Nf6 23.a5 Nd7
24.Bd6 O-O 25.Qa4 c5 26.dxc5 Bxe4 27.Bxe7 Qxe7 28.Qxd7 Qxd7 29.Rxd7 Rxc5
30.Ne3 b3 31.Rd4 Bc2 32.Rc4 Rxa5 33.Nxc2 bxc2 34.Rxc2 Rb8 35.Bc4 Ra4 36.b3 Ra3
37.Rcc1 Raxb3 38.Bxb3 Rxb3 39.Ra1 Rb6 40.Rfb1 Rd6 41.Rb8+ Kg7 42.Ra8 e5 43.R8xa6 Rd8
44.g3 f6 45.Rc6 Rd7 46.Raa6 Rf7 47.Kf1 Kg6 48.Ke2 Kf5 49.Rc8 Rh7 50.Raa8 Rb7
51.Rh8 Rb2+ 52.Kf1 Ke4 53.Ra4+ Kf3 54.Ra3+ Ke4 55.Rxh5 Rb1+ 56.Kg2 Rb4 57.h3 gxh3+
58.Rxh3 Rb2 59.Rf3 Rb6 60.Rh6  1-0

[Event "Gibraltar Masters 2019"]
[Site "Caleta ENG"]
[Date "2019.01.22"]
[Round "1.61"]
[White "Abdulraheem,Abdulrahman Akintoye"]
[Black "Muzychuk,M"]
[Result "0-1"]
[WhiteElo "2224"]
[BlackElo "2540"]

1.Nf3 c5 2.e4 e6 3.c3 Nf6 4.e5 Nd5 5.Bc4 d6 6.O-O Nc6 7.d4 cxd4 8.Bxd5 exd5
9.exd6 Bxd6 10.Re1+ Be6 11.Ng5 O-O 12.Qd3 g6 13.cxd4 Bf5 14.Qd1 Nb4 15.g4 Bc2
16.Qd2 Nd3 17.Re5 Bxe5 18.dxe5 Bxb1 19.Rxb1 Nxe5 20.Qc3 Nxg4 21.Qd4 Qc8 22.h3 Qf5
23.Ra1 Ne5 24.Qf4 h6 25.Qxf5 gxf5 26.f4 Nd3 27.Nf3 Rfe8 28.Bd2 Re2 29.Bc3 Nxf4
30.Kf1 Rae8 31.Nd4 R2e3 32.h4 Rh3 33.Kf2 Nd3+ 34.Kg2 Ree3 35.Nxf5 Nf4+ 36.Kg1 Re2  0-1